How we get things / (Record no. 3442)
[ view plain ]
| 000 -LEADER | |
|---|---|
| fixed length control field | 00742nam a22002417a 4500 |
| 001 - CONTROL NUMBER | |
| control field | 3442 |
| 003 - CONTROL NUMBER IDENTIFIER | |
| control field | FISKH |
| 005 - DATE AND TIME OF LATEST TRANSACTION | |
| control field | 20240306141602.0 |
| 008 - FIXED-LENGTH DATA ELEMENTS--GENERAL INFORMATION | |
| fixed length control field | 240306b cb ||||| |||| 00| 0 eng d |
| 040 ## - CATALOGING SOURCE | |
| Original cataloging agency | FISK |
| Language of cataloging | eng |
| Transcribing agency | FISK |
| Modifying agency | FISK |
| 050 ## - LIBRARY OF CONGRESS CALL NUMBER | |
| Classification number | AG5.C515 |
| 082 ## - DEWEY DECIMAL CLASSIFICATION NUMBER | |
| Classification number | 031 |
| 110 ## - MAIN ENTRY--CORPORATE NAME | |
| Corporate name or jurisdiction name as entry element | Childcraft |
| 245 ## - TITLE STATEMENT | |
| Title | How we get things / |
| Statement of responsibility, etc. | Childcraft |
| 260 ## - PUBLICATION, DISTRIBUTION, ETC. | |
| Place of publication, distribution, etc. | Chicago : |
| Name of publisher, distributor, etc. | Childcraft, |
| Date of publication, distribution, etc. | 1980 |
| 300 ## - PHYSICAL DESCRIPTION | |
| Extent | 384 pages : |
| Other physical details | illustrations, |
| Dimensions | 26 cm |
| 490 ## - SERIES STATEMENT | |
| Series statement | Childcraft the how and why library |
| Volume/sequential designation | Volume 8 |
| International Standard Serial Number | 071660180X |
| 500 ## - GENERAL NOTE | |
| General note | Several Pages are damaged or have portions missing. Serious water damage. |
| 521 8# - TARGET AUDIENCE NOTE | |
| Target audience note | 600 |
| Source | Lexile estimate |
| 942 ## - ADDED ENTRY ELEMENTS (KOHA) | |
| Source of classification or shelving scheme | Dewey Decimal Classification |
| Koha item type | Books |
| Suppress in OPAC | No |
| Withdrawn status | Lost status | Source of classification or shelving scheme | Damaged status | Not for loan | Collection | Home library | Current library | Shelving location | Date acquired | Total Checkouts | Full call number | Barcode | Date last seen | Copy number | Price effective from | Koha item type |
|---|---|---|---|---|---|---|---|---|---|---|---|---|---|---|---|---|
| Dewey Decimal Classification | Damaged | Non-Fiction | Footprints International School Library Network Toul Kork Campus | Footprints International School Library Network Toul Kork Campus | 03/06/2024 | CHI 031 AG5.C515 | 2024-0238 | 03/06/2024 | 1 | 03/06/2024 | Books |
